Fail fast or win big <the> start-up plan for starting now

Uložené v:
Podrobná bibliografia
Hlavný autor: Schroeder, Bernhard
Médium: Kniha
Jazyk:English
Vydavateľské údaje: New York AMACOM 2015
Predmet:
Tagy: Pridať tag
Žiadne tagy, Buďte prvý, kto otaguje tento záznam!

MARC

LEADER 00000nam a2200000 4500
001 0205305
005 20240306140251.5
020 |a 978-0-8144-3478-9 (hardcover) 
020 |a 0-8144-3478-9 
041 0 |a eng 
044 |a US 
245 1 0 |a Fail fast or win big  |b <the> start-up plan for starting now  |c Bernhard Schroeder 
264 1 |a New York  |b AMACOM  |c 2015 
300 |a 198 s. 
610 2 0 |a podnikanie 
610 2 0 |a podnik 
610 2 0 |a plánovanie 
610 2 0 |a plán podnikový 
610 2 0 |a plán podnikateľský 
610 2 0 |a modely podniku 
610 2 0 |a modely podnikateľské 
610 2 0 |a zákazníci 
610 2 0 |a investori 
100 1 |a Schroeder, Bernhard